South Park - Gay Fish - Lyrics - Statistics

General Stats
  • This quiz has been taken 53 times
  • The average score is 126 of 258
Answer Stats
Answer % Correct
gay
100%
Gay
100%
fish
98%
a
88%
I
85%
be
66%
i'm
66%
mother
66%
so
66%
fuckin'
63%
lonely
61%
that
61%
an
59%
to
59%
and
56%
been
56%
know
56%
other
56%
sad
56%
down
54%
why
54%
yo
54%
girl
51%
like
51%
now
51%
wish
51%
i've
49%
me
49%
with
49%
got
44%
love
44%
my
44%
the
44%
understand
44%
want
44%
'cause
41%
cause
41%
free
41%
on
41%
around
39%
couldn't
39%
who
39%
in
37%
joked
37%
makin'
37%
wanted
37%
creatures
34%
goin'
32%
grocery
32%
store
32%
was
29%
what
29%
you
29%
haters
27%
whore
27%
feeling
24%
frozen
24%
it
24%
all
22%
come
22%
out
22%
it's
20%
uh
20%
switch
17%
true
17%
had
15%
i'll
15%
isle
15%
make
15%
nights
15%
those
15%
ass
12%
but
12%
then
12%
alright
10%
being
10%
for
10%
home
10%
i'd
10%
making
10%
or
10%
used
10%
wasn't
10%
where
10%
your
10%
denyin'
7%
even
7%
everyone
7%
fin
7%
have
7%
not
7%
orgy
7%
said
7%
scared
7%
tank
7%
them
7%
though
7%
acting
5%
belong
5%
butt
5%
clubs
5%
dancin'
5%
Grouper
5%
hours
5%
house
5%
Marlins
5%
Marlin's
5%
Salmon
5%
shake
5%
snappers
5%
straight
5%
take
5%
trout
5%
Vermont
5%
work
5%
slapped
2%
will
2%
bass
0%
caudal
0%
c'mon
0%
yellow
0%
No matching quizzes found
Score Distribution
Percent of People with Each Score
Percentile by Number Answered
Your Score History
You have not taken this quiz